Ostatná cesta

Bibliographic Details
Main Author: Honig, Donald, 1931- (Author)
Other Authors: Krčméry, Tomáš, 1950- (Illustrator)
Format: Article
Language:Slovak
English
Subjects:

MARC

LEADER 00000nab a2200000 a 4500
001 vtls000186641
003 SK-MaSNL
005 20260304000540.0
008 111106c1984 xo 0 slo
015 |a SNBRB19rr/mm-uuuuu 
035 |a CL0196754 
040 |a SNKBUCL  |b slo  |c SNKBUCL  |e AACR2 
041 1 |a slo  |h eng 
044 |a xo  |c SK 
080 |a 820 (73)-3  |2 1981 
100 1 |a Honig, Donald,  |d 1931-  |4 aut  |9 243053 
245 1 0 |a Ostatná cesta  |c Donald Honig 
655 7 |a americké poviedky  |2 snkbucl  |9 70544 
655 7 |a detektívne poviedky  |2 snkbucl  |9 70227 
655 7 |a články z novín a časopisov  |2 snkbucl  |9 267496 
655 7 |a články z odboru literárna veda a krásna literatúra  |2 snkbucl  |9 770045 
700 1 |a Krčméry, Tomáš,  |d 1950-  |4 ill  |9 37045 
773 0 |t Stop  |g Roč. 14, č. 5 (1984), s. 26-27 
850 |a Slovenská národná knižnica v Martine  |a MTA001 
852 |a SNK  |b KIS3GCP 
958 |a RK 
958 |a LX 
992 |a RBX 
999 |c 2531772  |d 2533702